The corrosion handbook /
Guardado en:
| Autor Corporativo: | |
|---|---|
| Otros Autores: | |
| Formato: | Libro |
| Idioma: | English |
| Publicado: |
New York :
Wiley,
1948.
|
| Materias: | |
| Etiquetas: |
Agregar Etiqueta
Sin Etiquetas, Sea el primero en etiquetar este registro!
|
| LEADER | 00779nam a22002055a 4500 | ||
|---|---|---|---|
| 001 | EIQ.libpla001735 | ||
| 008 | 840731s1948####nyua##########000#0#eng#d | ||
| 005 | 20061214172103.0 | ||
| 245 | 0 | 4 | |a The corrosion handbook / |c edited by Herbert H. Uhlig ; sponsored by the Electrochemical Society, inc. |
| 260 | |a New York : |b Wiley, |c 1948. | ||
| 300 | |a xxxiii, 1188 p. : |b il., diagrs. ; |c 24 cm. | ||
| 020 | |a 0471895628 | ||
| 700 | 1 | |a Uhlig, Herbert Henry, |d 1907-, |e ed. |4 edt | |
| 710 | 2 | |a Electrochemical Society. | |
| 082 | 0 | 0 | |a 620.1122 |
| 650 | 4 | |a Corrosión y anti-corrosivos |x Handbooks, manuals, etc. | |
| 650 | 4 | |a Corrosion and anti-corrosives |x Handbooks, manuals, etc. | |
| 010 | |a 48001628 | ||
| 040 | |a DLC/ICU |c ICU |d DLC |d AR-BbSID | ||
| 859 | |a AR-BbSID |b BIB. PLAPIQUI |h 620.1 |i C 667 |p 709 | ||
